| 000 | 00452nam a2200169Ia 4500 | ||
|---|---|---|---|
| 999 |
_c27778 _d27778 |
||
| 003 | OSt | ||
| 005 | 20201202102021.0 | ||
| 008 | 190216s9999||||xx |||||||||||||| ||und|| | ||
| 040 | _coclc | ||
| 082 |
_a894.8123 _bVIP/C |
||
| 100 |
_aVipin _97116 |
||
| 245 | 0 |
_aChinthu / _cVipin |
|
| 260 |
_bPoorna Publications, _a Kozhikode: _c1996. |
||
| 300 | _a118p | ||
| 650 | _aNovel | ||
| 942 |
_cBK _2ddc _h894.8123 _iVIP/C _k894.8123 _mVIP/C |
||